Quick Pick: Golden Globe Drama Actors (TV) 1995-2004 Quiz Stats

 Plays Quiz not verified by Sporcle

Score 0/10 Timer 01:00
0 Plays Today
% Correct
The X-Files
94%
The Sopranos
92.7%
24
92.4%
The West Wing
89%
ER
83.7%
NYPD Blue
82.1%
Deadwood
81.7%
The Shield
77.1%
The Practice
72.1%
Without a Trace
66.4%

You're not logged in!

Compare scores with friends on all Sporcle quizzes.
OR
Log In

Show Comments

Extras

Top Quizzes Today


Score Distribution

Your Account Isn't Verified!

In order to create a playlist on Sporcle, you need to verify the email address you used during registration. Go to your Sporcle Settings to finish the process.

Report this User

Report this user for behavior that violates our Community Guidelines.

Details: